Conjugaisons Latines - 1 - Statistiques

Statistiques générales
  • Ce quiz a été pris 16 fois
  • Le résultat moyen est 138 sur 381
Statistiques - réponses
Hint Réponse % Correct
a es
90%
a sum
90%
a est
80%
a estis
80%
a sumus
80%
a sunt
80%
a eram
70%
a eramus
70%
a erant
70%
a eras
70%
a erat
70%
a eratis
70%
a erimus
70%
a eris
70%
a erit
70%
a eritis
70%
a ero
70%
a erunt
70%
a amas
60%
a amo
60%
a fueram
60%
a fueramus
60%
a fuerant
60%
a fueras
60%
a fuerat
60%
a fueratis
60%
a fuerunt
60%
a fui
60%
a fuimus
60%
a fuisti
60%
a fuistis
60%
a fuit
60%
a ama
50%
a amabam
50%
a amabamus
50%
a amabant
50%
a amabas
50%
a amabat
50%
a amabatis
50%
a amabimus
50%
a amabis
50%
a amabit
50%
a amabitis
50%
a amabo
50%
a amabunt
50%
a amamus
50%
a amant
50%
a amare
50%
a amat
50%
a amatis
50%
a amaueram
50%
a amaueramus
50%
a amauerant
50%
a amaueras
50%
a amauerat
50%
a amaueratis
50%
a amauerunt
50%
a amaui
50%
a amauimus
50%
a amauisse
50%
a amauisti
50%
a amauistis
50%
a amauit
50%
a delebam
50%
a delebamus
50%
a delebant
50%
a delebas
50%
a delebat
50%
a delebatis
50%
a delebimus
50%
a delebis
50%
a delebit
50%
a delebitis
50%
a delebo
50%
a delebunt
50%
a delemus
50%
a delent
50%
a deleo
50%
a deles
50%
a delet
50%
a deletis
50%
a deleueram
50%
a deleueramus
50%
a deleuerant
50%
a deleueras
50%
a deleuerat
50%
a deleueratis
50%
a deleuerunt
50%
a deleui
50%
a deleuimus
50%
a deleuisti
50%
a deleuistis
50%
a deleuit
50%
a es
50%
a esse
50%
a fuerimus
50%
a fuerint
50%
a fueris
50%
a fuerit
50%
a fueritis
50%
a fuero
50%
a fuisse
50%
a legam
50%
a lege
50%
a legebam
50%
a legebamus
50%
a legebant
50%
a legebas
50%
a legebat
50%
a legebatis
50%
a legere
50%
a legerunt
50%
a legi
50%
a legimus
50%
a legimus
50%
a legis
50%
a legisse
50%
a legisti
50%
a legistis
50%
a legit
50%
a legit
50%
a legitis
50%
a lego
50%
a legunt
50%
a amabamini
40%
a amabamur
40%
a amabantur
40%
a amabar
40%
a amabaris
40%
a amabatur
40%
a amaberis
40%
a amabimini
40%
a amabimur
40%
a amabitur
40%
a amabor
40%
a amabuntur
40%
a amamini
40%
a amamur
40%
a amantur
40%
a amaris
40%
a amatur
40%
a amauerimus
40%
a amauerint
40%
a amaueris
40%
a amauerit
40%
a amaueritis
40%
a amauero
40%
a amor
40%
a dele
40%
a delebamini
40%
a delebamur
40%
a delebantur
40%
a delebar
40%
a delebaris
40%
a delebatur
40%
a deleberis
40%
a delebimini
40%
a delebimur
40%
a delebitur
40%
a delebor
40%
a delebuntur
40%
a delemini
40%
a delemur
40%
a delentur
40%
a deleor
40%
a deleris
40%
a deletur
40%
a deleuerimus
40%
a deleuerint
40%
a deleueris
40%
a deleuerit
40%
a deleueritis
40%
a deleuero
40%
a legebamini
40%
a legebamur
40%
a legebantur
40%
a legebar
40%
a legebaris
40%
a legebatur
40%
a legeram
40%
a legeramus
40%
a legerant
40%
a legeras
40%
a legerat
40%
a legeratis
40%
a legerimus
40%
a legerint
40%
a legeris
40%
a legeris
40%
a legerit
40%
a legeritis
40%
a legero
40%
a legimini
40%
a legimur
40%
a legitur
40%
a legor
40%
a leguntur
40%
a amate
30%
a amatus eram
30%
a amatus ero
30%
a amatus sum
30%
a amem
30%
a amemus
30%
a ament
30%
a ames
30%
a amet
30%
a ametis
30%
a deleam
30%
a deleamus
30%
a deleant
30%
a deleas
30%
a deleat
30%
a deleatis
30%
a delere
30%
a delete
30%
a deletus eram
30%
a deletus ero
30%
a deletus sum
30%
a deleuisse
30%
a este
30%
a esto
30%
a lectus eram
30%
a lectus ero
30%
a lectus sum
30%
a legam
30%
a legamus
30%
a legant
30%
a legar
30%
a legas
30%
a legat
30%
a legatis
30%
a legemini
30%
a legemur
30%
a legemus
30%
a legent
30%
a legentur
30%
a legeris
30%
a leges
30%
a leget
30%
a legetis
30%
a legetur
30%
a legite
30%
a sim
30%
a simus
30%
a sint
30%
a sis
30%
a sit
30%
a sitis
30%
a amarem
20%
a amaremini
20%
a amaremur
20%
a amaremus
20%
a amarent
20%
a amarentur
20%
a amarer
20%
a amareris
20%
a amares
20%
a amaret
20%
a amaretis
20%
a amaretur
20%
a amato
20%
a amatote
20%
a amatus essem
20%
a amatus sim
20%
a amauerim
20%
a amauerimus
20%
a amauerint
20%
a amaueris
20%
a amauerit
20%
a amaueritis
20%
a amauissem
20%
a amauissemus
20%
a amauissent
20%
a amauisses
20%
a amauisset
20%
a amauissetis
20%
a amemini
20%
a amemur
20%
a amentur
20%
a amer
20%
a ameris
20%
a ametur
20%
a deleamini
20%
a deleamur
20%
a deleantur
20%
a delear
20%
a delearis
20%
a deleatur
20%
a delerem
20%
a deleremini
20%
a deleremur
20%
a deleremus
20%
a delerent
20%
a delerentur
20%
a delerer
20%
a delereris
20%
a deleres
20%
a deleret
20%
a deleretis
20%
a deleretur
20%
a deleto
20%
a deletote
20%
a deletus essem
20%
a deletus sim
20%
a deleuerim
20%
a deleuerimus
20%
a deleuerint
20%
a deleueris
20%
a deleuerit
20%
a deleueritis
20%
a deleuissem
20%
a deleuissemus
20%
a deleuissent
20%
a deleuisses
20%
a deleuisset
20%
a deleuissetis
20%
a essem
20%
a essemus
20%
a essent
20%
a esses
20%
a esset
20%
a essetis
20%
a estote
20%
a fuerim
20%
a fuerimus
20%
a fuerint
20%
a fueris
20%
a fuerit
20%
a fueritis
20%
a fuissem
20%
a fuissemus
20%
a fuissent
20%
a fuisses
20%
a fuisset
20%
a fuissetis
20%
a lectus essem
20%
a lectus sim
20%
a legamini
20%
a legamur
20%
a legantur
20%
a legar
20%
a legaris
20%
a legatur
20%
a legerem
20%
a legeremini
20%
a legeremur
20%
a legeremus
20%
a legerent
20%
a legerentur
20%
a legerer
20%
a legereris
20%
a legeres
20%
a legeret
20%
a legeretis
20%
a legeretur
20%
a legerim
20%
a legerimus
20%
a legerint
20%
a legeris
20%
a legerit
20%
a legeritis
20%
a legissem
20%
a legissemus
20%
a legissent
20%
a legisses
20%
a legisset
20%
a legissetis
20%
a legito
20%
a legitote
20%
a amamini
10%
a amare
10%
a amari
10%
a amatus esse
10%
a delemini
10%
a delere
10%
a deleri
10%
a deletus esse
10%
a lectus esse
10%
a legemini
10%
a legere
10%
a legi
10%
Aucun quiz correspondant
Distribution des résultats
% des personnes avec chaque résultat
Percentile par nombre de réponses
Votre historique - résultats
Vous n’avez pas pris ce quiz